Statistiken für Top 15 Länder mit Covid-19-Todesfällen - 1. September 2021

Klicken Sie hier um das Quiz zu spielen!

Allgemein

  • Dieses Quiz wurde 15 mal gespielt
  • Das Durchschnittsergebnis liegt bei 14 aus 25

Antwortstatistiken

Land% Korrekt
Deutschland
100%
Vereinigte Staaten
100%
Indien
93%
Frankreich
87%
Italien
87%
Brasilien
80%
Spanien
80%
Argentinien
73%
Mexiko
73%
Russland
73%
Vereinigtes Königreich
73%
Kolumbien
53%
Iran
47%
Peru
47%
Paraguay
40%
Slowakei
40%
Belgien
33%
Indonesien
33%
Slowenien
33%
Tschechien
33%
Ungarn
33%
Kroatien
27%
Bulgarien
20%
Bosnien und Herzegowina
13%
Nordmazedonien
13%

Verteilung der Resultate

Perzentil nach korrekt beantworteten Fragen

Anzahl Personen mit jedem Resultat

Ihre Resultats-Entwicklung

Sie haben dieses Quiz noch nicht gespielt